| 000 | 00336nam a22001451a 4500 | ||
|---|---|---|---|
| 082 |
_aH3 _bRAM/S |
||
| 100 | _aRamkumar Bhramar | ||
| 245 |
_aSetu katha _cby Ramkumar Bhramar |
||
| 260 |
_aNew Delhi: _bNational, _c1973. |
||
| 300 | _a554p. | ||
| 650 | _aNovel Hindi | ||
| 650 | _aLiterature Hindi | ||
| 650 | _aLiterature | ||
| 942 | _cBK | ||
| 999 |
_c41447 _d41447 |
||